00273nam a2200109Ia 4500100002600000654002200026245003900048260003500087082002100122300000800143546001200151 aKoren/yeram/ Ben-uri  anumerical control aNumerical control of machine tools bKhanna publishersaDelhic1986 a621.9023bKOR/BE a310 aENGLISH